| 000 | 00713 a2200205 4500 | ||
|---|---|---|---|
| 020 | _aS/N | ||
| 040 | _aULA-LD-MS | ||
| 082 |
_b043.2 658/ARS/P _m3 |
||
| 100 |
_91072 _aARSÉNIO, Domingos Adão |
||
| 245 |
_aO Processo de Planeamento de Recursos Humanos no Dsenvolvimento das Organizações - _bEstudo de Caso: Hospital Geral Especializado do Kilamba Kiaxi - Luanda |
||
| 246 | _aDicertação para obtenção do Título Académico de Mestre em Gestão de Recursos Humanos | ||
| 250 | _aS/N | ||
| 260 |
_aLuanda _bS/Edit _c2018 |
||
| 300 | _a101p. | ||
| 600 | 0 | _aARSÉNIO, Domingos Adão | |
| 650 | _aGestão de Recursos Humanos | ||
| 700 | _aDomingos Adão Arsénio | ||
| 942 | _cTFC | ||
| 999 |
_c2249 _d2249 |
||